Ethics in Engineering (Record no. 67234)

MARC details
000 -LEADER
fixed length control field 00188nam a22000977a 4500
082 ## - DEWEY DECIMAL CLASSIFICATION NUMBER
Classification number 174.962MAR
100 ## - MAIN ENTRY--AUTHOR NAME
Personal name Martin,M.W
245 ## - TITLE STATEMENT
Title Ethics in Engineering
300 ## - PHYSICAL DESCRIPTION
Number of Pages 339p
942 ## - ADDED ENTRY ELEMENTS (KOHA)
Koha item type Books
Holdings
Withdrawn status Lost status Home library Current library Date acquired Full call number Accession Number Koha item type
    Central Library, QUEST, Nawabshah Central Library, QUEST, Nawabshah 23/08/2021 174.962MAR D2160 Books